000 nam a22 a 4500
999 _c2309
_d2309
003 AKMAL
005 20170516092846.0
008 170516s19751978us 00 eng d
020 _a0669007471
040 _aAKMAL
_cAKMAL
082 0 4 _a428 CHR
090 2 0 _a428
_bCHR
100 1 _aChrist, Henry I.
_94829
245 1 0 _aModern english in action /
_cHenry I. Christ
260 _aMassachusetts :
_bD.C. Heath,
_c1975
300 0 0 _axi, 500p. ;
_c24cm
650 0 _aEnglish language
_xStudy and teaching
_94831
942 _2ddc
_cBOOK